00497nam a2200169Ia 4500003000900000008004100009020001800050040001600068080001400084100002400098245006400122260003900186300001300225650002400238650002200262650004300284IN-BaIIA211028s9999 xx 000 0 eng d a0-486-20918-0 cIIA Library a52bWEB-2 aWebb,Thomas William 0aCelestial objects for common telescopesbvol. 2cT. W. Webb aNew YorkbDover Publicationsc1962 ax, 359p. a Catalogue-Stars  a Star-Catalouges aAstronomy and Astrophysics Thesaurus